LEADER 00916nam0-22003251i-450- 001 990003087060403321 035 $a000308706 035 $aFED01000308706 035 $a(Aleph)000308706FED01 035 $a000308706 100 $a20000920d1983----km-y0itay50------ba 101 0 $aita 102 $aIT 200 1 $aGiovani e lavoro$escritti$fdi E. Amaturo, R. Ammassari...[et al.]$ga cura di Domenico De Masi. 210 $aMilano$cFranco Angeli$d\c\\1983. 215 $a406 p.$d22 cm 225 1 $aSociologia del lavoro e delle organizzazioni$v19 676 $a18220 676 $a18240 702 1$aAmaturo,$bEnrica 702 1$aAmmassari,$bRita 702 1$aDe Masi,$bDomenico$f<1938- > 801 0$aIT$bUNINA$gRICA$2UNIMARC 901 $aBK 912 $a990003087060403321 952 $a18240 DEM$b830$fSES 959 $aSES 996 $aGiovani e lavoro$9460495 997 $aUNINA DB $aING01 LEADER 00983nam a2200277 i 4500 001 991000395479707536 005 20020503180018.0 008 940610s1989 us ||| | eng 020 $a0824780493 035 $ab10071325-39ule_inst 035 $aLE02515249$9ExL 040 $aFac. Economia$bita 082 0 $a330.028 100 1 $aDoran, Howard E.$0460379 245 10$aApplied regression analysis in econometrics /$cHoward E. Doran 260 $aNew York :$bBasel,$cc1989 300 $aviii, 372 p. ;$c24 cm. 490 0 $aStatistics, textbooks and monographs ;$v102 650 4$aAnalisi della regressione 650 4$aEconometria 907 $a.b10071325$b17-02-17$c27-06-02 912 $a991000395479707536 945 $aLE025 ECO 330 DOR01.01$g1$i2025000018440$lle025$o-$pE0.00$q-$rl$s- $t0$u3$v5$w3$x0$y.i10080363$z27-06-02 996 $aApplied regression analysis in econometrics$9194939 997 $aUNISALENTO 998 $ale025$b01-01-94$cm$da $e-$feng$gus $h0$i1